| 000 | 02507nam a22001697a 4500 | ||
|---|---|---|---|
| 008 | 150727b xxu||||| |||| 00| 0 eng d | ||
| 020 | _a9780199656288 | ||
| 050 | _aKD823.99.P76 | ||
| 245 |
_aBlackstone's status on property law 2012-2013. / _cedited by Meryl Thomas |
||
| 250 | _a20th | ||
| 260 |
_aOxford. _bOxford university press. _c2012. |
||
| 300 |
_avi,432pgs.: _c24cm. |
||
| 500 | _aIncludes index. | ||
| 505 | _aContents: Prescription act 1832 -- Wills act 1837 -- Common law procedure act 1852 -- Wills(Soldiers and sailors)act 1918 -- Law of property act 1922 -- Settled land act 1925 -- Trustee act 1925 -- Law of property act 1925 -- Land registration act 1925 -- Administration of Estates act 1925 -- Law of property(Entailed interests interests) act1932 -- Leasehold property(Repairs) act1938 -- Intestates Estates act 1952 -- Variation of trusts act 1958 -- Rights of light act 1959 -- Perpetuities and accumulations act 1964 -- Law of property act(Joint tenants) act 1964 -- Wills act 1968 -- Law of property act 1969 -- Administration of justice act 1970 -- Matrimonial proceedings and property act 1970 -- Defective premises act 1972 -- Land charges act 1972 -- Administration of justice act 1973 -- Consumer credit act 1974 -- Inheritance(Provision for family and dependants)act 1975 -- Local and land charges act 1975 -- Rent charges act 1977 -- Protection from eviction act 1977 -- Charging orders act 1979 -- Limitation act 1980 -- Senior courts act 1981 -- Forfeiture act 1982 --Administration of justice act 1982 -- Country courts act 1984 -- Land lord and tenants act 1985 -- Land registration act 1986 -- Insolvency act 1986 -- Family law reform act 1987 -- Land lord and tenant act 1988 -- Housing act 1988 -- Law of property(Miscellaneous provisions)act 1989 -- Access to Neighbouring land act 1992 -- Law of property (Miscellaneous provisions) act 1994 -- Pensions act 1995 -- Landlord and tenant(Covenants) act 1995 -- Treasure act 1996 -- Family law act 1996 -- Party wall etc.act 1996 -- Trusts of land and appointment of trustees act 1996 -- Human rights act 1998 -- Trustee delegation act 1999 -- Trustee act 2000 -- Land registration act 2002 -- Commonhold and leasehold reform act 2002 -- Civil partnership act 2004 -- Pension act 2004 -- Perpetuities and Accumulations act 2009 -- Coroners and justice act -- 2009 -- Equity act 2010 -- Mortgage repossessions(Protection of tenants etc) act 2010 -- Charities act 2011. | ||
| 700 | _aThomas, Meryl | ||
| 942 |
_2lcc _cBK |
||
| 999 |
_c5681 _d13181 |
||